header

Systematic organisation of information in fuzzy systems (Record no. 208748)

MARC details
000 -LEADER
fixed length control field 01937nam a22003854a 4500
082 04 - DEWEY DECIMAL CLASSIFICATION NUMBER
Classification number 006.3
245 10 - TITLE STATEMENT
Title Systematic organisation of information in fuzzy systems
260 ## - PUBLICATION, DISTRIBUTION, ETC. (IMPRINT)
Place of publication Amsterdam ;
-- Washington, DC :
Name of publisher IOS Press/Ohmsha,
Year of publication c2003.
300 ## - PHYSICAL DESCRIPTION
Number of Pages viii, 399 p. :
Other physical details ill.
490 1# - SERIES STATEMENT
Series statement NATO science series. Series III, Computer and systems sciences,
500 ## - GENERAL NOTE
General note "Proceedings of the NATO Advanced Research Workshop on Systematic Organisation of Information in Fuzzy Systems, 24-26 October 2001, Vila Real, Portugal"--verso t.p.
General note "Published in cooperation with NATO Scientific Affairs Division."
650 #0 - SUBJECT ADDED ENTRY--TOPICAL TERM
Topical Term Soft computing
Topical Term Fuzzy systems
700 1# - ADDED ENTRY--PERSONAL NAME
Personal name Melo-Pinto, Pedro.
Personal name Teodorescu, Horia-Nicolai.
Personal name Fukuda, T.
856 40 - ELECTRONIC LOCATION AND ACCESS
Uniform Resource Identifier http://site.ebrary.com/lib/rucke/Doc?id=10116480

No items available.

© 2026 Rongo University
Contact us: librarian | system librarian | Rongo university